000 01979nam a2200253Ia 4500
003 Ost
005 20260507075323.0
008 260507s9999||||xx |||||||||||||| ||und||
020 _a10197499579
040 _cfsecg
041 _aara
082 _a657.836
100 _aالخطيب، خالد راغب
_eمؤلف
245 0 _aالتأمين من الناحية المحاسبية و التدقيقية /
_c خالد راغب الخطيب
260 _aعمان:
_bدار كنوز المعرفة العلمية للنشر والتوزيع,
_c2009
300 _a223 صفحة؛
_bإيضاحات ؛
_c25 سم
504 _aببليوغرافيا: ص.223
520 _aالفصل الأول : تمهيد : عمليات التأمين على الحياة وتكوين الأموال : عمليات إعادة التأمين : الحسابات الختامية والميزانية في شركات التأمين : المحاسبة في شركة التأمين-الفصل الثاني : مدى تطبيق معايير التدقيق الداخلي المتعارف عليها في الشركات التأمينية الأردنية-الفصل الثالث : التدقيق الداخلي-الفصل الرابع : معايير وإجراءات وقواعد السلوك المهني للتدقيق الداخلي-الفصل الخامس : مفاهيم وأساسيات عامة وعوامل نشوء وتطور الإدارة المالية الدولية. ملخص: يتناول هذا الكتاب عمليات قسم التأمين على الحياة وتكوين الاموال ? عمليات اعادة التأمين ? الحسابات الختامية والميزانية في شركات التأمين ? المحاسبة في شركات التأمين
653 _aالتأمين ــ الاردن
653 _aالتأمين - البنوك
653 _aالتأمين على الحياة
653 _aالمحاسبة والتأمين
942 _cكتاب
999 _c43942
_d43942